000 01114nam a2200229Ia 4500
999 _c42054
_d42054
001 8744
003 GE_BSU
005 20240513171142.0
008 181216s2013||||ge |||||||||||||| ||geo||
020 _a9789941930126
040 _cGE_BSU
041 _ageo
080 _a615.89(479.22)+392(=353.1) მ–69
100 _aმინდაძე, ნინო
_91906
245 _aქართველი ხალხის ტრადიციული სამედიცინო კულტურა /
_cნინო მინდაძე ; რედ. თ. ოჩიაური, ირ. სურგულაძე ; რეზ. თარგმნა ლ. გაბეჩავამ.
264 _aთბილისი :
_b?,
_c2013.
300 _a334 გვ. ;
_c20 სმ.
653 _aქართველი ხალხის ტრადიციული სამედიცინო კულტურა
700 _aოჩიაური, თ.
_eრედაქტორი
_922084
700 _aსურგულაძე, ირ.
_eრედაქტორი
_922085
942 _cBK
_2udc